Score 0/100 Timer 10:00
0 Plays Today
Question Answer % Correct
In what year?2007
81.8%
Attended what game of the 2008 World Series?Game 4
81.8%
Played what varsity sport in H.S.?Soccer
72.7%
Had detention how many times in high school?One
72.7%
Favorite type of liquor?Scotch
36.4%
Took last out of state vacation (other than DBGF2009) to...?Clearwater, FL
36.4%
Graduated from what college?Penn State
27.3%
Took last international vacation to...?England & Scotland
27.3%
With a Major in...?Accounting
18.2%
Works for what company?Deloitte& Touche
18.2%
Favorite brand of beer?Yuengling
18.2%
And a Minor in....?Economics
9.1%
Currently resides in what town?Bryn Mawr, PA
9.1%

You're not logged in!

Compare scores with friends on all Sporcle quizzes.
OR
Log In

Sporcle TV

Today on Sporcle TV


Watch our educational content, quiz creation guides, and fun videos on Sporcle TV.

Show Comments

Extras

Created Sep 25, 2009ReportNominate
Tags:bake

Top Quizzes Today


Score Distribution

Paid Content

Your Account Isn't Verified!

In order to create a playlist on Sporcle, you need to verify the email address you used during registration. Go to your Sporcle Settings to finish the process.

Report this User

Report this user for behavior that violates our Community Guidelines.

Details: